La libertà o l'amore : romanzo /

Saved in:
書目詳細資料
主要作者: Desnos, Robert (Author)
其他作者: Collani, Tania
格式: 圖書
語言:意大利语
出版: Bologna : Odoya, [2008!
叢編:Odoya narrativa ; 1
標簽: 添加標簽
沒有標簽, 成為第一個標記此記錄!

MARC

LEADER 00000nam a22000007i 4500
001 IT\ICCU\LO1\1200362
003 ItRI
005 20260115232125.0
008 080722s2008 it |||||| ||||| |||||c
020 |a 9788862880022 
040 |b ita  |c importazione bologna sebina 
041 7 |a ita  |2 ISO-639-2 
082 |a 843.912  |9 NARRATIVA FRANCESE, 1900-1945  |2 21 
100 1 |a Desnos, Robert  |0 IT\ICCU\BVEV\014853  |4 aut 
240 1 3 |a La liberté ou l'amour|  |3 IT\ICCU\LO1\1200364  |9 Desnos, Robert 
245 1 3 |a La libertà o l'amore :  |b romanzo /  |c Robert Desnos ; traduzione e cura di Tania Collani. 
260 |a Bologna :  |b Odoya,  |c [2008! 
300 |a XXIX, 112 p. ;  |c 21 cm. 
700 1 |a Collani, Tania  |0 IT\ICCU\LO1V\330089 
830 0 |a Odoya narrativa ;  |v 1  |0 IT\ICCU\LO1\1200363 
942 |2 ddc  |c BK  |n 0 
952 |0 0  |1 0  |4 0  |6 DOC_843_912000000000000_DES  |7 0  |9 20467  |a BO  |b BO  |d 2026-01-15  |i 13956  |l 0  |o DOC 843.912 DES  |p BO13956  |r 2026-01-15 23:21:25  |w 2026-01-15  |x [Sebina 5] [1 v.]  |y BK  |z 1 v. 
999 |c 17469  |d 17469